Normal view
MARC view
- Hitutua, Eunice A.
Entry Personal Name
001 - CONTROL NUMBER
- control field: 36905
003 - CONTROL NUMBER IDENTIFIER
- control field: OSt
005 - DATE AND TIME OF LATEST TRANSACTION
- control field: 20190212113459.0
008 - FIXED-LENGTH DATA ELEMENTS
- fixed length control field: 190212|| aca||aabn | a|a d
040 ## - CATALOGING SOURCE
- Original cataloging agency: OSt
- Transcribing agency: OSt
100 ## - HEADING--PERSONAL NAME
- Personal name: Hitutua, Eunice A.
670 ## - SOURCE DATA FOUND
- Source citation: Work cat.: (OSt): Bandara, Junaidin L. 36904, Calamity preparedness amd response of safety committee organization of UM Digos College /, October 2018.
